| 000 -ლიდერი |
| ფიქსირებული სიგრძის საკონტროლო ველი |
00987nam a2200229Ia 4500 |
| 001 - საკონტროლო ნომერი |
| საკონტროლო ველი |
6802 |
| 003 - საკონტროლო ნომრის იდენტიფიკატორი |
| საკონტროლო ველი |
GE_BSU |
| 005 - ბოლო ოპერაციის თარიღი და დრო |
| საკონტროლო ველი |
20190628190741.0 |
| 008 - ფიქსირებული სიგრძის მონაცემთა ელემენტები - ზოგადი ინფორმაცია |
| ფიქსირებული სიგრძის საკონტროლო ველი |
181216s1963|||| |||||||||||||| ||geo|| |
| 041 ## - ენის კოდი |
| Language code of text/sound track or separate title |
geo |
| 080 ## - უნივერსალური ათობითი კლასიფიკაციის ინდექსი |
| Universal Decimal Classification number |
62-86 მ-75 |
| 245 ## - ცნობა სათაურის შესახებ |
| Title |
მექანიკური ამძრავები:გაანგარიშების მსვლელობა და საცნობარო მონაცემები : დამხმ. სახელმძღ. / |
| Statement of responsibility, etc |
ო. ეზიკაშვილი ; დ. ჭელიძე ; და სხვ. |
| 260 ## - გამოქვეყნების, გავრცელების, და სხვა. ცნობები |
| Place of publication, distribution, etc |
თბ. |
| 260 ## - გამოქვეყნების, გავრცელების, და სხვა. ცნობები |
| Name of publisher, distributor, etc |
ცოდნა. |
| 260 ## - გამოქვეყნების, გავრცელების, და სხვა. ცნობები |
| Date of publication, distribution, etc |
1963. |
| 300 ## - ფიზიკური აღწერა |
| Extent |
354 გვ .: |
| Other physical details |
ნახაზ. |
| Dimensions |
27 სმ. |
| 504 ## - BIBLIOGRAPHY, ETC. NOTE |
| Bibliography, etc |
ბიბლიოგრ.:გვ.352 |
| 653 ## - INDEX TERM--UNCONTROLLED |
| Uncontrolled term |
მექანიკური ამძრავები |
| 700 ## - ADDED ENTRY--PERSONAL NAME |
| Personal name |
ეზიკაშვილი, ო |
| 9 (RLIN) |
482 |
| 700 ## - ADDED ENTRY--PERSONAL NAME |
| Personal name |
ჭელიძე, დ და სხვ |
| 9 (RLIN) |
3101 |
| 942 ## - ADDED ENTRY ELEMENTS (KOHA) |
| Koha item type |
წიგნი |
| Source of classification or shelving scheme |
|